000 00839nam a22002417a 4500
005 20101222114046.0
008 101222t xxu||||| |||| 00| 0 eng d
010 _aENG-101849
020 _a9789350244500
_c198.00
035 _aEN-85382
037 _bDBAD / PUB
040 _adpl
_bEnglish
082 _a510
100 _925069
_aSingh,J.K.
245 _aMathematics-II for BBA course /
_cby J.K.Singh [and] Deepti Rani
260 _aMumbai
_bHimalaya Publishing House
_c2011
270 _aRamdoot, Dr. Bhalerao Marg, Girgaon
_bMumbai
_e400004
_k23860170
_l022-23877178
300 _aVarious pagings
_c23cm (pbk)
650 _925070
700 _aDeepti Rani
_925071
942 _2ddc
_cEN
_mSIN
_h510
999 _c49395
_d49395